| 000 | 01031nac a22002531u 4500 | ||
|---|---|---|---|
| 010 | _a 68024169 | ||
| 082 | 0 | 0 |
_a622.31 _bSUR |
| 090 |
_c10016 _d10016 |
||
| 100 | _a20080729 | ||
| 245 | 0 | 0 |
_aSurface mining / _cEditor: Eugene P. Pfleider. Associate editors: George B. Clark...[et. al.] |
| 260 |
_aNew York, _bAmerican Institute of Mining, Metallurgical, and Petroleum Engineers,1968. _cc1968. |
||
| 300 |
_axxi, 1061 p. _billus., maps, plans. _c24 cm. |
||
| 440 | 0 | _aSeeley W. Mudd series | |
| 500 | _aDistributer: Al-Ahram. | ||
| 504 | _aIncludes bibliographical references and index. | ||
| 511 | _aCatalogued by: Sara. | ||
| 650 | 0 | _aStrip mining. | |
| 650 | 0 | _aMining engineering. | |
| 700 | 1 | _aPfleider, Eugene P., | |
| 700 | 1 | _aClark, George B. | |
| 710 | 2 | _aAmerican Institute of Mining, Metallurgical, and Petroleum Engineers. | |
| 942 |
_cBB _k622.31SUR |
||
| 999 |
_c10016 _d10016 |
||